000
00192 a2200097 4500
001
47429
100
_a
245
_a
Unexploded bomb
260
_a
London
_b
Macdonald
_c
090
_c
30457
_d
30457
942
_a
NUST-CAE
_c
_c
22733
999
_c
282502
_d
282502